Central Library OPAC University of Rajshahi

কথোপকথন / (Record no. 53991)

MARC details
000 -LEADER
fixed length control field 01135nam a2200265 a 4500
001 - CONTROL NUMBER
control field 53991
003 - CONTROL NUMBER IDENTIFIER
rucl marc code BD-RjUL
005 - DATE AND TIME OF LATEST TRANSACTION
control field 20211209080045.0
008 - FIXED-LENGTH DATA ELEMENTS--GENERAL INFORMATION
fixed length control field 161030s2010 bg ||||| |||| 00| 0 ben d
020 ## - INTERNATIONAL STANDARD BOOK NUMBER
International Standard Book Number 9789843314291
Terms of availability : Tk.120.00
035 ## - SYSTEM CONTROL NUMBER
System control number (BD-RjUL)54113
040 ## - CATALOGING SOURCE
Original cataloging agency BD-RjUL
Language of cataloging ben
Transcribing agency BD-RjUL
Modifying agency BD-RjUL
041 ## - LANGUAGE CODE
Language code of text/sound track or separate title ben
082 ## - DEWEY DECIMAL CLASSIFICATION NUMBER
Edition number 23
Classification number 891.445
Author mark and year CAK 2010
100 ## - MAIN ENTRY--PERSONAL NAME
Personal name কেরী, উইলিয়াম
9 (RLIN) 161226
245 10 - TITLE STATEMENT
Title কথোপকথন /
Statement of responsibility, etc. উইলিয়াম কেরী, সম্পাদনা : জয়ন্ত অধিকারী ও সুশান্ত সরকার
250 ## - EDITION STATEMENT
Edition statement সম্পাদিত সং.
260 ## - PUBLICATION, DISTRIBUTION, ETC. (IMPRINT)
Place of publication, distribution, etc. ঢাকা :
Name of publisher, distributor, etc. স্বর্গমর্ত,
Date of publication, distribution, etc. ২০১০.
300 ## - PHYSICAL DESCRIPTION
Pagination ৮৪ পৃ. ;
Size ২৩ সেমি.
650 ## - SUBJECT ADDED ENTRY--TOPICAL TERM
Topical term or geographic name as entry element বাংলা সাহিত্য
9 (RLIN) 161227
Form subdivision বক্তৃতা
Topical term or geographic name as entry element Bengali literature
9 (RLIN) 161228
Form subdivision Speeches
700 ## - ADDED ENTRY--PERSONAL NAME
Personal name অধিকারী, জয়ন্ত : সম্পাদনা
Personal name সরকার, সুশান্ত : সম্পাদনা
942 ## - ADDED ENTRY ELEMENTS (KOHA)
Source of classification or shelving scheme Dewey Decimal Classification
Koha item type Books
Holdings
Lost status Source of classification or shelving scheme Damaged status Not for loan Collection code Permanent Location Current Location Shelving location Date acquired Source of acquisition Cost, normal purchase price Total Checkouts Full call number Date last seen Copy number Koha item type
  Dewey Decimal Classification     Non-fiction Central Library, University of Rajshahi Central Library, University of Rajshahi   22/03/2010 RU. Library, Gift 120.00   B 891.445 CAK 2010 30/10/2016 C-2 Books
  Dewey Decimal Classification   Not For Loan Non-fiction Central Library, University of Rajshahi Central Library, University of Rajshahi Reading Room 22/03/2010 RUCL 120.00   B 891.445 CAK 2010 31/01/2017 C-1 Books